Southville International School and Colleges
Your cart is empty.
  • Cart
  • Lists
    Public lists Eva Luna New books Lux_list list_1
    Your lists Log in to create your own lists
  • Log in to your account
  • Your cookies
  • Search history
Southville International School and Colleges
  • Advanced search
  • Recent comments
  • Most popular
  • Libraries

Log in to your account

Log in with GOOGLE


If you do not have an external account, but do have a local account, you can still log in:

  1. Home
  2. MARC view: 50 literacy strategies :
Normal view MARC view ISBD view

50 literacy strategies : (Record no. 12618)

[ view plain ]
MARC details
000 -LEADER
fixed length control field 00997pam a2200289 a 4500
001 - CONTROL NUMBER
control field 4964027
003 - CONTROL NUMBER IDENTIFIER
control field OSt
005 - DATE AND TIME OF LATEST TRANSACTION
control field 20160602153751.0
008 - FIXED-LENGTH DATA ELEMENTS--GENERAL INFORMATION
fixed length control field 970827s1998 njua b 000 0 eng
010 ## - LIBRARY OF CONGRESS CONTROL NUMBER
LC control number 97037252
020 ## - INTERNATIONAL STANDARD BOOK NUMBER
International Standard Book Number 9780138603700 (pbk.)
040 ## - CATALOGING SOURCE
Original cataloging agency DLC
Transcribing agency DLC
Modifying agency DLC
043 ## - GEOGRAPHIC AREA CODE
Geographic area code n-us---
050 00 - LIBRARY OF CONGRESS CALL NUMBER
Classification number LB 1576
Item number .T653 1998
082 00 - DEWEY DECIMAL CLASSIFICATION NUMBER
Classification number GLT 372.6044
Item number T59 1998
100 1# - MAIN ENTRY--PERSONAL NAME
Personal name Tompkins, Gail E.
9 (RLIN) 22700
245 10 - TITLE STATEMENT
Title 50 literacy strategies :
Remainder of title step by step /
Statement of responsibility, etc Gail E. Tompkins.
246 3# - VARYING FORM OF TITLE
Title proper/short title Fifty literacy strategies
260 ## - PUBLICATION, DISTRIBUTION, ETC. (IMPRINT)
Place of publication, distribution, etc Upper Saddle River, N.J. :
Name of publisher, distributor, etc Merrill,
Date of publication, distribution, etc 1998.
300 ## - PHYSICAL DESCRIPTION
Extent 124 p. :
Other physical details ill. ;
Dimensions 28 cm.
650 #0 - SUBJECT ADDED ENTRY--TOPICAL TERM
Topical term or geographic name as entry element Language arts (Elementary)
Geographic subdivision United States.
9 (RLIN) 22701
650 #0 - SUBJECT ADDED ENTRY--TOPICAL TERM
Topical term or geographic name as entry element Language arts (Middle school)
Geographic subdivision United States.
9 (RLIN) 22702
906 ## - LOCAL DATA ELEMENT F, LDF (RLIN)
a 7
b cbc
c orignew
d 1
e ocip
f 19
g y-gencatlg
942 ## - ADDED ENTRY ELEMENTS (KOHA)
Source of classification or shelving scheme Library of Congress Classification
Koha item type Books
Holdings
Withdrawn status Lost status Source of classification or shelving scheme Damaged status Home library Current library Shelving location Date acquired Total Checkouts Full call number Barcode Date last seen Copy number Price effective from Koha item type
    Library of Congress Classification   Luxembourg Library Luxembourg Library Genevive Ledesma - Tan Section 10/02/2013   LB 1576 .T653 1998 11576 10/02/2013 1 10/02/2013 Books

50 literacy strategies :

APA

Tompkins G. E., . (1998). 50 literacy strategies. Upper Saddle River, N.J: Merrill.

Chicago

Tompkins Gail E, . 1998. 50 literacy strategies. Upper Saddle River, N.J: Merrill.

Harvard

Tompkins G. E., . (1998). 50 literacy strategies. Upper Saddle River, N.J: Merrill.

MLA

Tompkins Gail E, . 50 literacy strategies. Upper Saddle River, N.J: Merrill. 1998.

  • Place hold
  • Print
  • Cite
  • Add to your cart (remove)
  • Save record
    BIBTEX Dublin Core MARCXML MARC (non-Unicode/MARC-8) MARC (Unicode/UTF-8) MARC (Unicode/UTF-8, Standard) MODS (XML) RIS
  • More searches
    Search for this title in:
    Other Libraries (WorldCat) Other Databases (Google Scholar) Online Stores (Bookfinder.com) Open Library (openlibrary.org)

Exporting to Dublin Core...

SOUTHVILLE LIBRARY

Southville International School and Colleges Library

1281 Tropical Ave. Cor. Luxembourg St., BF Homes International, Las Pinas City

Tel. No. 8256374 / 252358 Loc. 117/146

Powered by Koha